| 000 | 00518nam a22001577a 4500 | ||
|---|---|---|---|
| 005 | 20170822175138.0 | ||
| 008 | 160413b xxu||||| |||| 00| 0 eng d | ||
| 020 | _a90-279-7577-9 | ||
| 040 | _dBSU | ||
| 082 |
_221 _a949.4 BIL |
||
| 100 |
_aBilligmeier, Robert Henry _920790 |
||
| 245 |
_aA Crisis in Swiss pluralism: _bThe Romansh and their relations with the German and Italian swiss in the perspective of a mellinnium |
||
| 260 |
_aNew York _bMounton Publishers _c1979 |
||
| 300 | _axiii,450p. | ||
| 942 |
_2ddc _cBK |
||
| 999 |
_c10383 _d10383 |
||